<?xml version="1.0" encoding="UTF-8"?>
<record
    xmlns:xsi="http://www.w3.org/2001/XMLSchema-instance"
    xsi:schemaLocation="http://www.loc.gov/MARC21/slim http://www.loc.gov/standards/marcxml/schema/MARC21slim.xsd"
    xmlns="http://www.loc.gov/MARC21/slim">

  <leader>00542nam a22001697a 4500</leader>
  <controlfield tag="005">20231025162311.0</controlfield>
  <controlfield tag="008">231025b        |||||||| |||| 00| 0 eng d</controlfield>
  <datafield tag="020" ind1=" " ind2=" ">
    <subfield code="a">9789393948106</subfield>
  </datafield>
  <datafield tag="041" ind1=" " ind2=" ">
    <subfield code="a">eng</subfield>
  </datafield>
  <datafield tag="082" ind1=" " ind2=" ">
    <subfield code="2">23</subfield>
    <subfield code="a">610</subfield>
    <subfield code="b">VER</subfield>
  </datafield>
  <datafield tag="100" ind1=" " ind2=" ">
    <subfield code="a">Verma, Rupa</subfield>
    <subfield code="a">Domingo, Nancy P.</subfield>
    <subfield code="9">205005</subfield>
  </datafield>
  <datafield tag="245" ind1=" " ind2=" ">
    <subfield code="a">Nursing Foundation-1</subfield>
    <subfield code="b">As per the Newly Revised Syllabus of Basic B.Sc. Nursing by Indian Nursing Council (INC) 2021</subfield>
  </datafield>
  <datafield tag="260" ind1=" " ind2=" ">
    <subfield code="a">Junapur</subfield>
    <subfield code="b">Rushali Publications Pvt. Ltd.</subfield>
  </datafield>
  <datafield tag="300" ind1=" " ind2=" ">
    <subfield code="a">X; 285 P.</subfield>
  </datafield>
  <datafield tag="650" ind1=" " ind2=" ">
    <subfield code="a">Nursing Foundation </subfield>
  </datafield>
  <datafield tag="942" ind1=" " ind2=" ">
    <subfield code="c">CB</subfield>
  </datafield>
  <datafield tag="999" ind1=" " ind2=" ">
    <subfield code="c">356416</subfield>
    <subfield code="d">356416</subfield>
  </datafield>
  <datafield tag="952" ind1=" " ind2=" ">
    <subfield code="0">0</subfield>
    <subfield code="1">0</subfield>
    <subfield code="2">ddc</subfield>
    <subfield code="4">0</subfield>
    <subfield code="7">0</subfield>
    <subfield code="a">SNCN</subfield>
    <subfield code="b">SNCN</subfield>
    <subfield code="d">2023-10-25</subfield>
    <subfield code="e">Complimentary Copy By Dr. Rupa Verma</subfield>
    <subfield code="g">549.00</subfield>
    <subfield code="l">1</subfield>
    <subfield code="o">610 VER</subfield>
    <subfield code="p">SNCN-CB-74</subfield>
    <subfield code="r">2024-12-12 00:00:00</subfield>
    <subfield code="s">2024-12-03</subfield>
    <subfield code="v">549.00</subfield>
    <subfield code="w">2023-10-25</subfield>
    <subfield code="y">CB</subfield>
  </datafield>
</record>
